000
00347nas a2200157 a 4500
001
34263
003
100973
005
20201118101041.0
008
||||||n9999 ||| || ||
041
_a
eng
245
0
_a
Time - Vol.146 No.1-25
260
_a
Estados Unidos :
_b
Time,
_c
1995.
562
_e
1
773
_0
21966
_a
Time
942
_c
SISS
999
_c
34263
_d
34263